| 000 -LEADER |
| fixed length control field |
nam a22 7a 4500 |
| 003 - CONTROL NUMBER IDENTIFIER |
| control field |
AKMAL |
| 005 - DATE AND TIME OF LATEST TRANSACTION |
| control field |
20200914090918.0 |
| 008 - FIXED-LENGTH DATA ELEMENTS--GENERAL INFORMATION |
| fixed length control field |
200914t20172017my a e h a000 0bmay d |
| 020 ## - INTERNATIONAL STANDARD BOOK NUMBER |
| International Standard Book Number |
9789671287934 |
| Qualifying information |
paperback |
| Terms of availability |
RM45.00 |
| 082 04 - DEWEY DECIMAL CLASSIFICATION NUMBER |
| Classification number |
978.883030951 MA.C |
| Edition number |
23 |
| 090 00 - LOCALLY ASSIGNED LC-TYPE CALL NUMBER (OCLC); LOCAL CALL NUMBER (RLIN) |
| Classification number (OCLC) (R) ; Classification number, CALL (RLIN) (NR) |
978.883030951 |
| Local cutter number (OCLC) ; Book number/undivided call number, CALL (RLIN) |
MA.C |
| 100 1# - MAIN ENTRY--PERSONAL NAME |
| Personal name |
Chen, Wei |
| Dates associated with a name |
1966- |
| Relator term |
author. |
| 9 (RLIN) |
9215 |
| 245 10 - TITLE STATEMENT |
| Title |
JACK MA : |
| Remainder of title |
PENGASAS DAN KETUA PEGAWAI EKSEKUTIF ALIBABA GROUP / |
| Statement of responsibility, etc. |
CHEN WEI ; Penterjemah Dr. Chew Fong Peng ; Peyelenggara Goh Hin San |
| 264 #1 - PRODUCTION, PUBLICATION, DISTRIBUTION, MANUFACTURE, AND COPYRIGHT NOTICE |
| Place of production, publication, distribution, manufacture |
Kuala Lumpur : |
| Name of producer, publisher, distributor, manufacturer |
Institut Terjemahan & Buku Malaysia, |
| Date of production, publication, distribution, manufacture, or copyright notice |
2017 |
| 264 #4 - PRODUCTION, PUBLICATION, DISTRIBUTION, MANUFACTURE, AND COPYRIGHT NOTICE |
| Date of production, publication, distribution, manufacture, or copyright notice |
©2017 |
| 300 ## - PHYSICAL DESCRIPTION |
| Extent |
xvi, 327 pages : |
| Other physical details |
some colour photographs ; |
| Dimensions |
23 cm |
| 500 ## - GENERAL NOTE |
| General note |
Also available in English |
| 600 10 - SUBJECT ADDED ENTRY--PERSONAL NAME |
| Personal name |
Ma, Yun, |
| Dates associated with a name |
1964- |
| Form subdivision |
Biography |
| 9 (RLIN) |
9216 |
| 650 10 - SUBJECT ADDED ENTRY--TOPICAL TERM |
| Topical term or geographic name entry element |
Businessman |
| Geographic subdivision |
China |
| Form subdivision |
Biography |
| 9 (RLIN) |
9217 |
| 650 20 - SUBJECT ADDED ENTRY--TOPICAL TERM |
| Topical term or geographic name entry element |
Electronic commerce |
| Geographic subdivision |
China |
| 9 (RLIN) |
9218 |
| 650 20 - SUBJECT ADDED ENTRY--TOPICAL TERM |
| Topical term or geographic name entry element |
Internet marketing |
| Geographic subdivision |
China |
| 9 (RLIN) |
9219 |
| 700 1# - ADDED ENTRY--PERSONAL NAME |
| Personal name |
Chew, Fong Peng, |
| Titles and other words associated with a name |
Dr., |
| Relator term |
translator. |
| 9 (RLIN) |
9220 |
| 700 1# - ADDED ENTRY--PERSONAL NAME |
| Personal name |
Goh, Hin San, |
| Titles and other words associated with a name |
Dato' |
| Dates associated with a name |
1956- |
| Relator term |
editor. |
| 9 (RLIN) |
9221 |
| 942 ## - ADDED ENTRY ELEMENTS (KOHA) |
| Source of classification or shelving scheme |
|
| Koha item type |
Book |